| 000 | 00679nam a2200253Ia 4500 | ||
|---|---|---|---|
| 003 | OSt | ||
| 005 | 20220918174657.0 | ||
| 006 | a|||||r|||| 00| 0 | ||
| 007 | ta | ||
| 008 | 220917b |||||||| |||| 00| 0 eng d | ||
| 024 | _a13,570 | ||
| 037 | _cTextual | ||
| 040 |
_aARTS _cARTS _beng |
||
| 041 |
_2eng _aeng |
||
| 082 | _aNR0aXvN5, L5 | ||
| 100 |
_aPeacock Alan _951333 |
||
| 245 | 0 | _aComposer in the market place | |
| 260 |
_aLondon _bFaber Musci _c1975 |
||
| 300 |
_a171p. illus _ccm. |
||
| 650 |
_aMUSIC; ARTS _92635 |
||
| 700 |
_a Weir Ronald _951334 |
||
| 942 |
_hNR0aXvN5, L5 _cTEXL _2CC |
||
| 999 |
_c154219 _d154219 |
||